Применение нанопокрытий для повышения эксплуатационных характеристик деталей ракетно-космической техники; "Орбита молодёжи" и перспективы развития российской космонавтики

Opis bibliograficzny
Parent link:"Орбита молодёжи" и перспективы развития российской космонавтики.— 2017.— [С. 197-198]
1. autor: Самофал В. А.
Kolejni autorzy: Шелякин А. И. (научный руководитель)
Streszczenie:Заглавие с экрана
Język:rosyjski
Wydane: 2017
Seria:Новые материалы и вещества для применения в ракетно-космической технике
Hasła przedmiotowe:
Dostęp online:http://earchive.tpu.ru/handle/11683/44834
Format: Elektroniczne Rozdział
KOHA link:https://koha.lib.tpu.ru/cgi-bin/koha/opac-detail.pl?biblionumber=625192

MARC

LEADER 00000naa2a2200000 4500
001 625192
005 20231101133342.0
035 |a (RuTPU)RU\TPU\conf\24452 
035 |a RU\TPU\conf\24450 
090 |a 625192 
100 |a 20171207d2017 k y0rusy50 ca 
101 0 |a rus 
102 |a RU 
105 |a y z 101zy 
135 |a drgn ---uucaa 
181 0 |a i  
182 0 |a b 
200 1 |a Применение нанопокрытий для повышения эксплуатационных характеристик деталей ракетно-космической техники  |f В. А. Самофал  |g науч. рук. А. И. Шелякин 
203 |a Текст  |c электронный 
225 1 |a Новые материалы и вещества для применения в ракетно-космической технике 
230 |a 1 компьютерный файл (pdf; 147 Кб) 
300 |a Заглавие с экрана 
320 |a [Библиогр.: с. 198 (3 назв.)] 
463 0 |0 (RuTPU)RU\TPU\conf\23829  |t "Орбита молодёжи" и перспективы развития российской космонавтики  |o сборник докладов Всероссийской молодёжной научно-практической конференции, г. Томск, 18-22 сентября 2017 г.  |f Российская Федерация, Федеральное космическое агентство (Роскосмос) ; Национальный исследовательский Томский политехнический университет (ТПУ) ; Российская академия наук (РАН), Сибирское отделение (СО), Институт физики прочности и материаловедения (ИФПМ) ; Полюс  |v [С. 197-198]  |d 2017 
610 1 |a электронный ресурс 
610 1 |a нанопокрытия 
610 1 |a эксплуатационные характеристики 
610 1 |a ракетно-космическая техника 
700 1 |a Самофал  |b В. А. 
702 1 |a Шелякин  |b А. И.  |4 727 
801 2 |a RU  |b 63413507  |c 20171208  |g RCR 
856 4 |u http://earchive.tpu.ru/handle/11683/44834 
942 |c BK